Ta Prohm: a glorious era in Angkor civilization
I tiakina i:
| Kaituhi matua: | |
|---|---|
| Ētahi atu kaituhi: | |
| Hōputu: | Pukapuka |
| Reo: | Ingarihi |
| I whakaputaina: |
Bangkok, Tailandia
White Lotus Press
2007
|
| Putanga: | Primera edición |
| Ngā marau: | |
| Ngā Tūtohu: |
Tāpirihia he Tūtohu
Kāore He Tūtohu, Me noho koe te mea tuatahi ki te tūtohu i tēnei pūkete!
|
MARC
| LEADER | 00000nam a22000007a 4500 | ||
|---|---|---|---|
| 003 | CL-VaPUC | ||
| 005 | 20200124111754.0 | ||
| 008 | 200124b ||||| |||| 00| 0 eng d | ||
| 999 | |c 385447 |d 385445 | ||
| 020 | |a 9789744800978 | ||
| 040 | |c Pontificia Universidad Católica de Valparaíso | ||
| 041 | 0 | |a eng | |
| 082 | |a 959.6 KAP 2007 | ||
| 100 | 1 | |a Kapur, Pradeep Kumar |9 623509 | |
| 245 | 1 | 0 | |a Ta Prohm: |b a glorious era in Angkor civilization |
| 250 | |a Primera edición | ||
| 260 | 3 | |a Bangkok, Tailandia |b White Lotus Press |c 2007 | |
| 300 | |a 208 p | ||
| 583 | |c 20200124 |k Daniel Castañeda | ||
| 650 | 0 | 0 | |a TEMPLOS SAGRADOS |9 623510 |
| 651 | 1 | |a TA PROHM |9 623511 | |
| 651 | 1 | |a CAMBODIA |9 623512 | |
| 700 | 1 | |a Sahai, Sachchidanand |9 623513 | |
| 942 | |2 ddc |c BK | ||
| 952 | |0 0 |1 0 |2 ddc |4 0 |6 959_600000000000000_KAP_2007 |7 0 |8 A |9 508728 |a BIBGIM |b BIBGIM |d 2020-01-24 |i 5614880 |o 959.6 KAP 2007 |p 5614880 |r 2025-01-15 |t 1 |w 2020-01-24 |y BK |k ORI | ||